Can you name the 80s Song based on the Lyrics? #4 - Statistics

General Stats
  • This quiz has been taken 35 times
  • The average score is 6 of 15
Answer Stats
Hint Answer % Correct
Rising up, back on the streetDid my time, took my chances Eye of the Tiger
97%
Kick of the Sunday shoesPlease, Louise Footloose
77%
She's a good girl, loves her mamaLoves Jesus and America too Free Fallin'
65%
Tumble outta bed and I stumble to the kitchenPour myself a cup of ambition 9 to 5
52%
And she's watching him with those eyesAnd she's loving him with that body, I just know it Jessie's Girl
48%
You belong with meDo you feel the same? Am I only dreaming? Eternal Flame
45%
You put the boom-boom into my heart (whoo-hoo)You send my soul sky-high when your lovin' starts Wake Me Up Before You Go-Go
45%
And we can build this dream togetherStranding strong forever Nothing's Gonna Stop Us Now
42%
It's gonna take timeWhole lot of precious time It's gonna take patience and time, mmm Got My Mind Set on You
39%
It's the light of the day that shows me onAnd when the night falls The loneliness calls I Wanna Dance with Somebody
39%
Love is like a bomb, baby, come on, get it onLivin' like a lover with a radar phone Pour Some Sugar On Me
35%
The ice age is coming, the sun is zooming inMeltdown expected, the wheat is growing thin London Calling
16%
Awa, a place to stayGet your booty on the floor tonight Make my day Pump Up The Jam
16%
You tell me that you want meYou tell me that you need me You tell me that you love me Talking In Your Sleep
16%
You got me livin' only for the nightBefore the morning comes, the story's told Self Control
13%
No matching quizzes found
Score Distribution
Percent of People with Each Score
Percentile by Number Answered
Your Score History
You have not taken this quiz